Представление документа в формате RUSMARC

ПолеНазваниеЗначение
  Тип записи a
  Библиографический уровень m
001 Контрольный номер UONB/MAIN/f43f4950e8e04f188fac9126238397ab
005 Дата корректировки 20260429164811.5
010 Индекс ISBN __
d Цена 4 р.
9 Тираж 50000 экз.
100 Данные общей обработки __
a Данные общей обработки 20260429d1941 u y0rusy0189 ca
101 Язык документа 0_
a Язык текста rus
102 Страна публикации __
a Страна публикации RU
105 Кодированные данные (монография) __
a Кодированные данные (монография) y z 000yy
200 Заглавие и сведения об ответственности 1_
a Заглавие Нашествие Батыя
e Сведения, относящиеся к заглавию повесть
f Первые сведения об ответственности В. Г. Ян
g Последующие сведения об ответственности художник В. Бехтеев
210 Выходные данные 1_
a Место издания Москва
a Место издания Ленинград
c Издательство Детиздат ЦК ВЛКСМ
d Дата издания 1941
215 Физическое описание __
a Объем 254 с.
c Иллюстрации/тип воспроизводства ил.
225 Серия 1_
a Серия Историческая библиотека
606 Тематические рубрики 0_
a Основная рубрика Проза (д. л.)
610 Ключевые слова 0_
a Ключевые слова повести исторические; детская литература; Батый
686 Индексы других классификаций __
a Классификационный индекс 84Р2
2 Код системы rubbk
700 Автор _1
a Фамилия Ян
b Имя (инициалы) В. Г.
g Полное личное имя Василий Григорьевич
702 Вторичная интеллектуальная ответственность _1
a Фамилия Бехтеев
b Имя (инициалы) В.
4 Код отношения 040
801 Источник записи _0
a Страна RU
b Организация Ульяновская ОНБ
c Дата составления 20260429
g Правила каталогизации RCR
801 Источник записи _1
a Страна RU
b Организация Ульяновская ОНБ
c Дата составления 20260429
g Правила каталогизации RCR
901 Тип документа __
t Тип документа m
909 Создатель записи __
a Создатель записи Карпаева
b Дата создания записи 20260429